Investigación jurídica en el derecho chileno
محفوظ في:
| المؤلفون الرئيسيون: | , , , , , |
|---|---|
| التنسيق: | كتاب |
| اللغة: | الإسبانية |
| منشور في: |
Santiago
Jurídica de Chile
1980
|
| الموضوعات: | |
| الوسوم: |
إضافة وسم
لا توجد وسوم, كن أول من يضع وسما على هذه التسجيلة!
|
MARC
| LEADER | 00000nam a2200000 a 4500 | ||
|---|---|---|---|
| 001 | UCT8786 | ||
| 003 | CL-VaPUC | ||
| 008 | 970326e19800000CL |||||||||||||||||spa|d | ||
| 082 | 0 | 4 | |a 340.072 |b CAÑ |2 21 |
| 100 | 0 | |a Cañas Lastarria, Rafael |e author |9 380850 | |
| 700 | 0 | |a Cea Egaña, José Luis |e author |9 380851 | |
| 700 | |a Herrera Larraín, Luis Oscar |e author |9 528401 | ||
| 700 | 0 | |a Bascuñán Valdés, Antonio |e author |9 380853 | |
| 700 | 0 | |a Cerda Fernández, Carlos |e author |9 380854 | |
| 700 | 0 | |a Doyharcabal Casse, Solange |e author |9 380855 | |
| 245 | 1 | 0 | |a Investigación jurídica en el derecho chileno |
| 300 | |a 154 p | ||
| 942 | |c BK | ||
| 945 | |d 19970326 00:00:00 |a paguirre | ||
| 260 | |a Santiago |b Jurídica de Chile |c 1980 | ||
| 650 | 0 | |a Investigación jurídica |9 328647 | |
| 650 | 7 | |a DERECHO |2 CL-VaPUC |9 380856 | |
| 650 | 7 | |a FINES DEL DERECHO |2 CL-VaPUC |9 377214 | |
| 650 | 0 | |a Justicia |9 255408 | |
| 650 | 0 | |a Teoría del derecho |9 255982 | |
| 583 | |a last modification |c 19970326 00:00:00 |k Rodrigo Vera | ||
| 999 | |c 257268 |d 257266 | ||
| 952 | |0 0 |1 0 |4 0 |6 340_072000000000000_CAÑ_1980 |7 0 |8 A |9 280602 |a BIBDER |b BIBDER |d 2019-11-19 |i 1817582 |o 340.072 CAÑ 1980 |p 1817582 |r 2023-01-25 |w 2019-11-19 |y BK |k DER | ||